Normal view
MARC view
- شركات التأمين -البنوك- محاسبة
Entry Topical Term
001 - CONTROL NUMBER
- control field: 32220
003 - CONTROL NUMBER IDENTIFIER
- control field: JO-AjAnu
005 - DATE AND TIME OF LATEST TRANSACTION
- control field: 20230606075422.0
008 - FIXED-LENGTH DATA ELEMENTS
- fixed length control field: 230606|| aca||aabn | a|a d
040 ## - CATALOGING SOURCE
- Original cataloging agency: JO-AjAnu
- Transcribing agency: JO-AjAnu
150 ## - HEADING--TOPICAL TERM
- Topical term or geographic name entry element: شركات التأمين -البنوك- محاسبة
670 ## - SOURCE DATA FOUND
- Source citation: Work cat.: (JO-AjAnu)16548: جعفر، عبد الإله نعمة, author 32219, محاسبة المنشآت المالية ( البنوك وشركات التأمين)